[Event "Battle of the Sexes 2022"]
[Site "Gibraltar ENG"]
[Date "2022.01.31"]
[Round "7.7"]
[White "Muzychuk, Mariya"]
[Black "Bwalya, Gillan"]
[Result "1-0"]
[WhiteTitle "GM"]
[BlackTitle "IM"]
[WhiteElo "2539"]
[BlackElo "2410"]
[WhiteTeam "PIA"]
[BlackTeam "SABINO"]
[WhiteFideId "14114550"]
[BlackFideId "8700257"]
[EventDate "2022.01.24"]

1. e4 c5 2. Nf3 e6 3. d4 cxd4 4. Nxd4 Nf6 5. Nc3 d6 6. g4 h6 7. h4 Nc6 8. Rg1
Nd7 9. g5 hxg5 10. Bxg5 Qb6 11. Nb3 a6 12. Qe2 Nf6 13. O-O-O Bd7 14. Bh3 Qc7 15.
Nd4 O-O-O 16. f4 Be7 17. f5 Kb8 18. Nxc6+ bxc6 19. Qxa6 e5 20. Qc4 Rhf8 21. Bxf6
gxf6 22. Rg7 Bc8 23. h5 Bb7 24. Rxf7 Rd7 25. Bg2 Rh8 26. Bf3 Bd8 27. Rxd7 Qxd7
28. Qb4 Be7 29. Qb3 Bf8 30. Na4 Qe7 31. Nb6 Rh7 32. a4 Qf7 33. Nc4 Qc7 34. a5
Ka7 35. Qb6+ Kb8 36. Rg1 Rg7 37. Rg6 Rxg6 38. fxg6 Kc8 39. Bg4+ Kd8 40. Nxd6 1-0

[Event "Battle of the Sexes 2022"]
[Site "Gibraltar ENG"]
[Date "2022.01.31"]
[Round "7.8"]
[White "Mammadzada, Gunay"]
[Black "Csonka, Balazs"]
[Result "0-1"]
[WhiteTitle "IM"]
[BlackTitle "IM"]
[WhiteElo "2470"]
[BlackElo "2474"]
[WhiteTeam "PIA"]
[BlackTeam "SABINO"]
[WhiteFideId "13403729"]
[BlackFideId "742910"]
[EventDate "2022.01.24"]

1. e4 e5 2. Nf3 Nc6 3. Bb5 a6 4. Ba4 Nf6 5. O-O Be7 6. Re1 b5 7. Bb3 O-O 8. h3
d6 9. c3 Na5 10. Bc2 c5 11. d4 Nd7 12. Nbd2 exd4 13. cxd4 Nc6 14. d5 Nce5 15.
Nxe5 Nxe5 16. a4 Rb8 17. axb5 axb5 18. f4 Ng6 19. Nf3 Bh4 20. Rf1 Bg3 21. f5 Ne5
22. Ng5 Nd7 23. Nf3 Re8 24. b4 Nf6 25. Bg5 h6 26. Bxf6 Qxf6 27. Qd2 Rb7 28. Rab1
c4 29. Nd4 Bd7 30. Ra1 Be5 31. Rfd1 Qd8 32. Ra6 Qc7 33. Nc6 Bxc6 34. Rxc6 Qe7
35. Bb1 Ra8 36. Rf1 Qh4 37. Qf2 Qxf2+ 38. Kxf2 Ra4 39. Kf3 Rba7 40. Rc8+ Kh7 41.
Bc2 Ra2 0-1

[Event "Battle of the Sexes 2022"]
[Site "Gibraltar ENG"]
[Date "2022.01.31"]
[Round "7.9"]
[White "Sukandar, Irine Kharisma"]
[Black "Gallagher, Joseph G."]
[Result "1/2-1/2"]
[WhiteTitle "IM"]
[BlackTitle "GM"]
[WhiteElo "2407"]
[BlackElo "2447"]
[WhiteTeam "PIA"]
[BlackTeam "SABINO"]
[WhiteFideId "7101937"]
[BlackFideId "1303422"]
[EventDate "2022.01.24"]

1. e4 c5 2. Nc3 Nc6 3. Bb5 Nd4 4. Nf3 a6 5. Bd3 g6 6. Rb1 Nc6 7. b3 Bg7 8. Bb2
d6 9. h3 e6 10. O-O Nge7 11. Re1 O-O 12. Bf1 h6 13. d3 Kh7 14. Qd2 b5 15. g3 Bb7
16. Bg2 Qd7 17. a4 Nd4 18. axb5 Nxf3+ 19. Bxf3 axb5 20. Bg2 Bc6 21. b4 Rfc8 22.
bxc5 dxc5 23. Qf4 Kg8 24. h4 e5 25. Qe3 b4 26. Ne2 Ba4 27. Rec1 c4 28. dxc4 Rxc4
29. c3 b3 30. Rd1 Qa7 31. Rd8+ Kh7 32. Rxa8 Qxa8 33. Nc1 h5 34. Ba3 Nc6 35. Bf1
Na5 36. Bb4 Rxe4 37. Qd3 Re1 38. c4 Rxf1+ 39. Qxf1 Qe4 40. Qd3 Bc6 41. Qxe4 Bxe4
42. Rb2 Nxc4 43. Rxb3 Bh6 44. Ne2 Nd2 45. Ra3 Nf3+ 46. Kf1 g5 47. hxg5 Bxg5 48.
Ng1 Nd4 49. Bc5 Ne6 50. Be3 Bd8 51. f3 Bd5 52. Kf2 Kg6 53. Ne2 Bc4 54. Ra4 Bb5
55. Re4 f6 56. Nc3 Bd3 57. Ra4 f5 58. Nd5 h4 59. gxh4 f4 60. Ba7 Bxh4+ 61. Kg2
Ng5 62. Bf2 Bxf2 63. Kxf2 Kf5 64. Ra5 Nh3+ 65. Kg2 Ng5 66. Nc3 Bc4 67. Rc5 Bf7
68. Nb1 Bh5 69. Nd2 Ke6 70. Kf2 Bxf3 71. Rxe5+ Kxe5 72. Nxf3+ Kf5 73. Nxg5 Kxg5
74. Kf3 Kf5 75. Kf2 Ke4 76. Ke2 f3+ 77. Kf2 Kf4 78. Kf1 Ke3 79. Ke1 f2+ 80. Kf1
Kf3 1/2-1/2

[Event "Battle of the Sexes 2022"]
[Site "Gibraltar ENG"]
[Date "2022.01.31"]
[Round "7.10"]
[White "Efroimski, Marsel"]
[Black "Haria, Ravi"]
[Result "0-1"]
[WhiteTitle "IM"]
[BlackTitle "IM"]
[WhiteElo "2437"]
[BlackElo "2490"]
[WhiteTeam "PIA"]
[BlackTeam "SABINO"]
[WhiteFideId "2810964"]
[BlackFideId "415820"]
[EventDate "2022.01.24"]

1. e4 e5 2. Nf3 Nc6 3. Bc4 Bc5 4. c3 Nf6 5. d3 h6 6. O-O d6 7. b4 Bb6 8. a4 a5
9. b5 Ne7 10. Nbd2 O-O 11. Bb3 Ng6 12. Nc4 Bc5 13. h3 Re8 14. Bd2 Be6 15. Re1
Nh5 16. d4 exd4 17. cxd4 Bb4 18. Bxb4 axb4 19. d5 Bc8 20. e5 dxe5 21. Nfxe5 Nxe5
22. Nxe5 Qg5 23. Nf3 Rxe1+ 24. Qxe1 Qg6 25. Ne5 Qd6 26. Nd3 Bxh3 27. Qe5 Qg6 28.
Ne1 Bf5 29. Rc1 Nf6 30. Rxc7 Ng4 31. Qe7 Rf8 32. d6 Nf6 33. Nf3 Bh3 34. Ne1 Bd7
35. Bc2 Qg4 36. Bb3 Qg6 37. Bc2 Qg4 38. Bb3 Qf5 39. Bc2 Qd5 40. Rxd7 Nxd7 41.
Qxd7 b3 42. Bd3 b2 43. Qf5 Qxf5 44. Bxf5 Rd8 45. Kf1 Rxd6 46. Ke2 Rd4 47. Nf3 g6
48. Bb1 Rxa4 49. Kd3 Kg7 50. Kc3 Rf4 51. Kd2 Rb4 52. Kc3 Rxb5 53. Nd4 Rb6 54.
Nb3 Re6 55. Nd4 Re1 56. Kxb2 Rf1 57. Be4 Rxf2+ 58. Kc3 b6 59. Bf3 Kf6 60. Ne2
Ke5 61. Nc1 Rxf3+ 62. gxf3 Kf4 63. Nd3+ Kxf3 64. Ne5+ Kg3 65. Nxf7 h5 0-1

[Event "Battle of the Sexes 2022"]
[Site "Gibraltar ENG"]
[Date "2022.02.01"]
[Round "8.1"]
[White "Aziz, Husain"]
[Black "Muzychuk, Mariya"]
[Result "0-1"]
[WhiteTitle "IM"]
[BlackTitle "GM"]
[WhiteElo "2379"]
[BlackElo "2539"]
[WhiteTeam "SABINO"]
[BlackTeam "PIA"]
[WhiteFideId "12100293"]
[BlackFideId "14114550"]
[EventDate "2022.01.24"]

1. e4 c6 2. d4 d5 3. exd5 cxd5 4. Bd3 Nc6 5. c3 Nf6 6. h3 e5 7. dxe5 Nxe5 8. Nf3
Nxd3+ 9. Qxd3 Bd6 10. O-O O-O 11. Bg5 h6 12. Bh4 g5 13. Bg3 Bxg3 14. fxg3 g4 15.
hxg4 Nxg4 16. Nd4 Qb6 17. Na3 Bd7 18. Nc2 Rae8 19. b3 Re4 20. Rf4 Qg6 21. Raf1
Rfe8 22. Nf3 Rxf4 23. Qxg6+ fxg6 24. gxf4 Rc8 25. Ncd4 Rxc3 26. Ne5 Bf5 27. Nxf5
gxf5 28. Nxg4 fxg4 29. Kh2 Kf7 30. Rd1 Ke6 31. Re1+ Kf6 32. Rd1 Ke6 33. Re1+ Kf5
34. Re5+ Kxf4 35. Rxd5 Rc1 36. Rd4+ Kg5 37. Rd5+ Kf4 38. Rd4+ Kf5 39. Kg3 Rc2
40. Rf4+ Ke5 41. Rxg4 Rxa2 42. Rg7 b5 43. Kh4 Kd4 44. Kh5 Kc3 45. Rg3+ Kb4 46.
Kxh6 a5 47. Kh5 Ra3 48. Rf3 a4 0-1

[Event "Battle of the Sexes 2022"]
[Site "Gibraltar ENG"]
[Date "2022.02.01"]
[Round "8.2"]
[White "Krysa, Leandro"]
[Black "Stefanova, Antoaneta"]
[Result "0-1"]
[WhiteTitle "GM"]
[BlackTitle "GM"]
[WhiteElo "2531"]
[BlackElo "2469"]
[WhiteTeam "SABINO"]
[BlackTeam "PIA"]
[WhiteFideId "116807"]
[BlackFideId "2902257"]
[EventDate "2022.01.24"]

1. d4 d5 2. c4 c6 3. Nf3 Nf6 4. Nc3 e6 5. g3 dxc4 6. Bg2 b5 7. Ne5 a6 8. O-O Bb7
9. b3 cxb3 10. Qxb3 Qxd4 11. Bf4 Qb4 12. Qc2 Qc5 13. Rac1 Nbd7 14. Nxd7 Nxd7 15.
Rfd1 Rd8 16. Bc7 Rc8 17. Ba5 Nf6 18. Qd2 Qa7 19. Nxb5 axb5 20. Rxc6 Be7 21.
Rxc8+ Bxc8 22. Bc6+ Bd7 23. Bb6 Qxb6 24. Bxd7+ Kf8 25. Rb1 Qd8 26. Rxb5 Nxd7 27.
a4 f6 28. a5 Kf7 29. a6 Nc5 0-1

[Event "Battle of the Sexes 2022"]
[Site "Gibraltar ENG"]
[Date "2022.02.01"]
[Round "8.3"]
[White "Rosen, Eric"]
[Black "Mammadzada, Gunay"]
[Result "1/2-1/2"]
[WhiteTitle "IM"]
[BlackTitle "IM"]
[WhiteElo "2356"]
[BlackElo "2470"]
[WhiteTeam "SABINO"]
[BlackTeam "PIA"]
[WhiteFideId "2032562"]
[BlackFideId "13403729"]
[EventDate "2022.01.24"]

1. d4 d5 2. Bf4 Nf6 3. e3 e6 4. Nf3 Bd6 5. Ne5 O-O 6. Nd2 b6 7. h4 Bb7 8. Qf3
Nc6 9. h5 h6 10. c3 Kh8 11. Bd3 Bxe5 12. dxe5 Nd7 13. Qg3 Nc5 14. Bc2 Ba6 15.
O-O-O Bd3 16. Qh2 f6 17. Nf3 Bxc2 18. Kxc2 fxe5 19. Bxe5 Nxe5 20. Qxe5 Rf5 21.
Qh2 Ne4 22. Rhf1 c5 23. Ne5 Qe8 24. g4 Qa4+ 25. Kc1 Rf6 26. f3 Ng5 27. f4 Qxa2
28. Kc2 Qa4+ 29. Kb1 Ne4 30. Rg1 Qb3 31. Qc2 Qxc2+ 32. Kxc2 c4 33. Ra1 Nc5 34.
g5 hxg5 35. Rxg5 Rf5 36. Rxf5 exf5 37. Rd1 Nd3 38. Nxd3 cxd3+ 39. Rxd3 Rd8 40.
c4 Rc8 41. Rxd5 Rxc4+ 42. Kd3 Rb4 43. Rxf5 Rb3+ 44. Kd4 Kg8 45. Rg5 Kf7 46. Rg2
Rb5 47. Rh2 Ke7 48. h6 gxh6 49. Rxh6 Rxb2 50. Rh7+ Kd6 51. Rxa7 Rf2 52. Rh7 Rd2+
53. Ke4 b5 54. Rb7 Rb2 55. f5 Rb4+ 56. Kf3 Ke5 57. e4 Rb3+ 58. Kg4 Kxe4 59. f6
Rb1 60. Kg5 Kd4 61. Rh7 Rg1+ 62. Kf5 Rf1+ 63. Ke6 b4 64. Rh4+ Kc3 65. Rh3+ Kc2
66. Rh2+ Kc3 67. Rh3+ Kc2 68. f7 b3 69. Rh2+ Kc3 70. Rh3+ Kc2 71. Rh2+ Kc3 72.
Rh3+ Kc2 73. Rh2+ 1/2-1/2

[Event "Battle of the Sexes 2022"]
[Site "Gibraltar ENG"]
[Date "2022.02.01"]
[Round "8.4"]
[White "Bellahcene, Bilel"]
[Black "Girya, Olga"]
[Result "1-0"]
[WhiteTitle "GM"]
[BlackTitle "GM"]
[WhiteElo "2508"]
[BlackElo "2405"]
[WhiteTeam "SABINO"]
[BlackTeam "PIA"]
[WhiteFideId "696358"]
[BlackFideId "4195752"]
[EventDate "2022.01.24"]

1. d4 Nf6 2. c4 e6 3. Nf3 d5 4. Nc3 Be7 5. g4 c5 6. dxc5 O-O 7. g5 Ne4 8. Nxe4
dxe4 9. Qxd8 Rxd8 10. Nd2 Na6 11. Bg2 e3 12. Ne4 exf2+ 13. Kxf2 Nxc5 14. Nxc5
Bxc5+ 15. Be3 Bxe3+ 16. Kxe3 Rb8 17. Rhd1 Re8 18. c5 e5 19. b4 Be6 20. a4 Kf8
21. a5 Bc4 22. Rd6 Bb5 23. Be4 Bc6 24. Rad1 Rec8 25. h4 Ke7 26. h5 Rc7 27. Bxh7
Rh8 28. g6 fxg6 29. Bxg6 Rf8 30. Rg1 Rf4 31. Bd3 Kf7 32. b5 Be8 33. Rd8 Ke7 34.
Rd5 Ke6 35. Rxe5+ Kxe5 36. Rg5+ Kf6 37. Kxf4 1-0

[Event "Battle of the Sexes 2022"]
[Site "Gibraltar ENG"]
[Date "2022.02.01"]
[Round "8.5"]
[White "Csonka, Balazs"]
[Black "Abdumalik, Zhansaya"]
[Result "1/2-1/2"]
[WhiteTitle "IM"]
[BlackTitle "GM"]
[WhiteElo "2474"]
[BlackElo "2491"]
[WhiteTeam "SABINO"]
[BlackTeam "PIA"]
[WhiteFideId "742910"]
[BlackFideId "13703544"]
[EventDate "2022.01.24"]

1. Nf3 Nf6 2. c4 c5 3. Nc3 b6 4. e4 d6 5. d4 cxd4 6. Nxd4 Bb7 7. Qe2 g6 8. g3 h5
9. Bg2 h4 10. O-O Nbd7 11. Rd1 hxg3 12. hxg3 Rc8 13. b3 a6 14. Bb2 e6 15. Rac1
Be7 16. Rd2 Rc5 17. Nd5 exd5 18. exd5 Ne5 19. b4 Rc7 20. Nc6 Bxc6 21. dxc6 Qc8
22. b5 Rh5 23. c5 bxc5 24. f4 Neg4 25. b6 Rxc6 26. Re1 Ng8 27. b7 Qxb7 28. Rxd6
Rxd6 29. Bxb7 Re6 30. Qd1 N8h6 31. Qa4+ Kf8 32. Rxe6 fxe6 33. Qd7 c4 34. Bg7+
Kf7 35. Bxh6 Nxh6 36. Bxa6 Rd5 37. Qa4 c3 38. Bc4 Rd2 39. Bxe6+ Kxe6 40. Qc6+
Rd6 41. Qxc3 Nf5 42. a4 Nd4 43. Kg2 Kd7 44. Qc4 Ne6 45. Qb5+ Rc6 46. Qd5+ Rd6
47. Qb5+ Rc6 48. Qd5+ Bd6 49. Qd3 Nf8 1/2-1/2

[Event "Battle of the Sexes 2022"]
[Site "Gibraltar ENG"]
[Date "2022.02.01"]
[Round "8.6"]
[White "Brunello, Sabino"]
[Black "Cramling, Pia"]
[Result "1-0"]
[WhiteTitle "GM"]
[BlackTitle "GM"]
[WhiteElo "2503"]
[BlackElo "2452"]
[WhiteTeam "SABINO"]
[BlackTeam "PIA"]
[WhiteFideId "813613"]
[BlackFideId "1700030"]
[EventDate "2022.01.24"]

1. d4 Nf6 2. c4 e6 3. Nc3 Bb4 4. e3 O-O 5. Bd3 d5 6. Ne2 dxc4 7. Bxc4 c5 8. a3
Bxc3+ 9. bxc3 Nc6 10. Ng3 b6 11. O-O Bb7 12. Ba2 Rc8 13. Re1 Qd6 14. Bb2 cxd4
15. cxd4 Na5 16. e4 Nc4 17. Bxc4 Rxc4 18. d5 Qf4 19. dxe6 fxe6 20. f3 Qc7 21.
Rc1 Qc5+ 22. Kh1 Rxc1 23. Qxc1 Qxc1 24. Rxc1 Rc8 25. Rd1 Rc7 26. Be5 Rd7 27. Rc1
Ba6 28. h4 Kf7 29. Kg1 Bb5 30. Nh1 Rd3 31. Rc7+ Rd7 32. Rc1 Rd3 33. Bc3 Nd7 34.
Nf2 Rd6 35. Bb4 Rc6 36. Rd1 Rc2 37. Ng4 Ba4 38. Rd4 Bb5 39. Rd1 a5 40. Bd6 Rc3
41. Kf2 Rd3 42. Rxd3 Bxd3 43. Bc7 Ke7 44. Ke3 Bf1 45. g3 a4 46. f4 Bb5 47. Kd4
Ba6 48. Nf2 h5 49. e5 Bb7 50. Nh3 Bd5 51. f5 Bb3 52. fxe6 Kxe6 53. Nf4+ Kf5 54.
Nxh5 g6 55. Ng7+ Kg4 56. e6 Nf6 57. Bxb6 Kxg3 58. Bd8 Nh5 59. Nxh5+ gxh5 60. Ke5
Bc4 61. Bg5 1-0

[Event "Battle of the Sexes 2022"]
[Site "Gibraltar ENG"]
[Date "2022.02.01"]
[Round "8.7"]
[White "Cheng, Bobby"]
[Black "Sukandar, Irine Kharisma"]
[Result "1/2-1/2"]
[WhiteTitle "GM"]
[BlackTitle "IM"]
[WhiteElo "2550"]
[BlackElo "2407"]
[WhiteTeam "SABINO"]
[BlackTeam "PIA"]
[WhiteFideId "4300033"]
[BlackFideId "7101937"]
[EventDate "2022.01.24"]

1. d4 Nf6 2. c4 e6 3. g3 d5 4. Bg2 Be7 5. Nf3 O-O 6. Nc3 dxc4 7. Ne5 Qd6 8. O-O
Qa6 9. a4 Bd7 10. Bf4 Rd8 11. b3 cxb3 12. Qxb3 Nc6 13. Rfd1 Be8 14. Nb5 Rac8 15.
e4 Na5 16. Qa2 c6 17. Nc3 b6 18. Rac1 Bb4 19. Bg5 Be7 20. h4 h6 21. Bf4 Bb4 22.
g4 Nd7 23. Nd3 Be7 24. g5 hxg5 25. hxg5 Qc4 26. Qe2 Ba3 27. Rc2 Qxd4 28. g6 Qf6
29. gxf7+ Bxf7 30. e5 Qg6 31. Ne4 Be7 32. Rc3 Nf8 33. Nd6 Rc7 34. Ne1 Qh5 35.
Bf3 Qg6+ 36. Ng2 c5 37. Rdd3 Nc6 38. Be4 Qh5 39. Bf3 Qg6 40. Qe1 Nb4 41. Be4
Nxd3 42. Bxg6 Bxg6 43. Qe2 Nxf4 44. Nxf4 Bxd6 45. exd6 Rxd6 46. Rg3 Bf5 47. Qe5
Rd1+ 48. Kh2 Rf7 49. Nh5 1/2-1/2

[Event "Battle of the Sexes 2022"]
[Site "Gibraltar ENG"]
[Date "2022.02.01"]
[Round "8.8"]
[White "Haria, Ravi"]
[Black "Houska, Jovanka"]
[Result "1-0"]
[WhiteTitle "IM"]
[BlackTitle "IM"]
[WhiteElo "2490"]
[BlackElo "2365"]
[WhiteTeam "SABINO"]
[BlackTeam "PIA"]
[WhiteFideId "415820"]
[BlackFideId "405094"]
[EventDate "2022.01.24"]

1. e4 c6 2. d4 d5 3. e5 Bf5 4. Nd2 e6 5. Nb3 a6 6. Nf3 c5 7. Nxc5 Bxc5 8. dxc5
Qa5+ 9. c3 Qxc5 10. Be2 Nd7 11. O-O Ne7 12. Bf4 Qc7 13. Re1 O-O 14. Nd4 Bg6 15.
h4 h6 16. h5 Bh7 17. Bf1 Nc6 18. Re3 Kh8 19. Qd2 Nc5 20. Rae1 Qe7 21. b4 Ne4 22.
Nxc6 bxc6 23. Qe2 a5 24. f3 Ng5 25. Qb2 Rfb8 26. a3 g6 27. hxg6 Bxg6 28. Qf2 Kg7
29. R3e2 axb4 30. axb4 Bd3 31. Rd2 Bxf1 32. Rxf1 Ra3 33. Rc2 Rba8 34. Be3 Ra1
35. Bd4 Kh7 36. Re2 Qe8 37. Ree1 R1a2 38. Re2 Ra1 39. Rxa1 Rxa1+ 40. Kh2 f5 41.
Qh4 Ra4 42. Kg3 Qg6 43. Kf2 Qe8 44. Be3 Qe7 45. Bxg5 Qxg5 46. Qxg5 hxg5 47. Ke3
c5 48. b5 f4+ 49. Kd3 c4+ 50. Kd4 Ra3 51. Rb2 Kg6 52. b6 Ra8 53. Kc5 Kf5 54. Re2
Rc8+ 55. Kd6 d4 56. cxd4 1-0

[Event "Battle of the Sexes 2022"]
[Site "Gibraltar ENG"]
[Date "2022.02.01"]
[Round "8.9"]
[White "Gallagher, Joseph G."]
[Black "Efroimski, Marsel"]
[Result "1/2-1/2"]
[WhiteTitle "GM"]
[BlackTitle "IM"]
[WhiteElo "2447"]
[BlackElo "2437"]
[WhiteTeam "SABINO"]
[BlackTeam "PIA"]
[WhiteFideId "1303422"]
[BlackFideId "2810964"]
[EventDate "2022.01.24"]

1. e4 c5 2. Nf3 d6 3. Bb5+ Bd7 4. Bxd7+ Nxd7 5. O-O Ngf6 6. Qe2 e6 7. b3 Be7 8.
Bb2 O-O 9. c4 Rc8 10. d4 cxd4 11. Nxd4 Qa5 12. Nc3 a6 13. Rad1 Rfe8 14. f4 Qc5
15. Kh1 Qh5 16. Nf3 e5 17. fxe5 dxe5 18. Nd5 Bd8 19. Rfe1 Nc5 20. Nxf6+ Bxf6 21.
Rd5 Qg4 22. Qe3 Qf4 23. Qxf4 exf4 24. Bxf6 gxf6 25. e5 fxe5 26. Rexe5 Rxe5 27.
Nxe5 b5 28. Kg1 Ne4 29. Rd4 Nc3 30. Kf1 Nxa2 31. Rxf4 Nc1 32. cxb5 axb5 33. b4
Rd8 34. g3 Rd2 35. Nxf7 Rxh2 36. Nd6 Rb2 37. Nxb5 Nd3 38. Rg4+ 1/2-1/2

[Event "Battle of the Sexes 2022"]
[Site "Gibraltar ENG"]
[Date "2022.02.01"]
[Round "8.10"]
[White "Bwalya, Gillan"]
[Black "Sebag, Marie"]
[Result "1/2-1/2"]
[WhiteTitle "IM"]
[BlackTitle "GM"]
[WhiteElo "2410"]
[BlackElo "2460"]
[WhiteTeam "SABINO"]
[BlackTeam "PIA"]
[WhiteFideId "8700257"]
[BlackFideId "617822"]
[EventDate "2022.01.24"]

1. d4 d5 2. c4 c6 3. cxd5 cxd5 4. Bf4 Nc6 5. e3 Nf6 6. Nc3 Bf5 7. Bd3 Bxd3 8.
Qxd3 e6 9. h3 Be7 10. Nf3 O-O 11. O-O Nd7 12. Rfc1 Nb6 13. Qe2 a6 14. Qd1 Nc4
15. b3 Nb6 16. a3 Rc8 17. Ne1 Bf6 18. Ne2 Qe7 19. Nd3 h6 20. Qd2 Rfd8 21. Bg3
Nd7 22. Ndf4 g6 23. Ra2 Na7 24. Nd3 Rxc1+ 25. Qxc1 Rc8 26. Qd2 Rc6 27. Nb4 Rc8
28. Nd3 Rc6 29. Nb4 Rc8 1/2-1/2

[Event "Battle of the Sexes 2022"]
[Site "Gibraltar ENG"]
[Date "2022.02.02"]
[Round "9.1"]
[White "Mammadzada, Gunay"]
[Black "Brunello, Sabino"]
[Result "1/2-1/2"]
[WhiteTitle "IM"]
[BlackTitle "GM"]
[WhiteElo "2470"]
[BlackElo "2503"]
[WhiteTeam "PIA"]
[BlackTeam "SABINO"]
[WhiteFideId "13403729"]
[BlackFideId "813613"]
[EventDate "2022.01.24"]

1. e4 c6 2. d4 d5 3. Nc3 dxe4 4. Nxe4 Bf5 5. Ng3 Bg6 6. Nf3 Nd7 7. h4 h6 8. Bd3
Bxd3 9. Qxd3 e6 10. Bf4 Qa5+ 11. Bd2 Qc7 12. O-O-O Ngf6 13. Ne4 Nxe4 14. Qxe4
Nf6 15. Qe2 O-O-O 16. g3 Bd6 17. c4 c5 18. Bc3 cxd4 19. Nxd4 a6 20. Kb1 Rhe8 21.
a3 e5 22. Nf5 Bf8 23. Rxd8+ Qxd8 24. Rd1 Qb6 25. Bb4 Qe6 26. Qc2 e4 27. Bxf8
Rxf8 28. Nd6+ Kb8 29. c5 Rd8 30. Rd4 Rd7 31. Qd2 Rc7 32. Qf4 Nd5 33. Qd2 e3 34.
fxe3 Rxc5 35. Ne4 Rc6 1/2-1/2

[Event "Battle of the Sexes 2022"]
[Site "Gibraltar ENG"]
[Date "2022.02.02"]
[Round "9.2"]
[White "Sukandar, Irine Kharisma"]
[Black "Csonka, Balazs"]
[Result "0-1"]
[WhiteTitle "IM"]
[BlackTitle "IM"]
[WhiteElo "2407"]
[BlackElo "2474"]
[WhiteTeam "PIA"]
[BlackTeam "SABINO"]
[WhiteFideId "7101937"]
[BlackFideId "742910"]
[EventDate "2022.01.24"]

1. e4 e5 2. Nf3 Nc6 3. Bb5 a6 4. Ba4 Nf6 5. O-O Be7 6. Re1 b5 7. Bb3 O-O 8. h3
Bb7 9. a4 Na5 10. Ba2 Nxe4 11. d3 Nf6 12. Nxe5 c5 13. Nd2 d6 14. Nef3 Re8 15.
Nf1 Nc6 16. Ng3 Qd7 17. c3 h6 18. Bf4 Bf8 19. Qd2 Rxe1+ 20. Rxe1 Re8 21. Rxe8
Nxe8 22. axb5 axb5 23. d4 c4 24. Bb1 Ne7 25. Nh2 Nf6 26. f3 Ned5 27. Ng4 Nxg4
28. hxg4 Nxf4 29. Qxf4 g6 30. Kf2 d5 31. Nf1 Qd6 32. Qxd6 Bxd6 33. Ne3 Kf8 34.
g3 Ke7 35. Nc2 Kd7 36. f4 Kc6 37. Ba2 b4 38. cxb4 Kb5 39. Bb1 Ka4 40. Ne3 Kb3
41. b5 Kxb2 42. Be4 Kc3 43. Bf3 Kxd4 44. Ke2 Kc5 45. Kd2 Be7 46. Kc2 Bf6 47. g5
hxg5 48. Ng4 Be7 49. fxg5 Bxg5 50. Ne5 Kxb5 51. Nxf7 Be7 52. Ne5 g5 53. Bg2 Kc5
54. Nd7+ Kd4 55. Nb6 Bc6 56. Bh3 Bd6 0-1

[Event "Battle of the Sexes 2022"]
[Site "Gibraltar ENG"]
[Date "2022.02.02"]
[Round "9.3"]
[White "Girya, Olga"]
[Black "Krysa, Leandro"]
[Result "0-1"]
[WhiteTitle "GM"]
[BlackTitle "GM"]
[WhiteElo "2405"]
[BlackElo "2531"]
[WhiteTeam "PIA"]
[BlackTeam "SABINO"]
[WhiteFideId "4195752"]
[BlackFideId "116807"]
[EventDate "2022.01.24"]

1. d4 Nf6 2. Nf3 d5 3. c4 e6 4. g3 dxc4 5. Bg2 c6 6. O-O b5 7. a4 Bb7 8. Ne5 a6
9. b3 cxb3 10. Qxb3 Be7 11. axb5 axb5 12. Rxa8 Bxa8 13. Qa2 Nbd7 14. Nxc6 Bxc6
15. Bxc6 b4 16. Nd2 O-O 17. Nb3 Nd5 18. Qa5 N7b6 19. Bd2 Nc4 20. Qxd8 Rxd8 21.
Ra1 Nc3 22. e3 e5 23. Ra8 exd4 24. exd4 Nxd2 25. Nxd2 Ne2+ 26. Kf1 Nxd4 27.
Rxd8+ Bxd8 28. Bd5 Bb6 29. Bc4 Kf8 30. Nb3 Nf5 31. Ke2 g6 32. h3 Nd6 33. Bd3 Ke7
34. g4 Ke6 35. f4 Kd5 36. Kf3 h5 37. gxh5 gxh5 38. Kg3 Bd8 39. Kf3 h4 40. Ba6
Bf6 41. Bd3 Bd8 42. Ke2 Ne4 43. Kf3 f5 44. Bb5 Bb6 45. Bd3 Bc7 46. Ke3 Ng3 47.
Kf3 Bb6 48. Bb5 Ke6 49. Bc4+ Kf6 50. Nc1 Ne4 51. Nb3 Nd6 52. Bd3 Nb7 53. Bc4 Nd8
54. Nc1 Ne6 55. Ne2 Bc7 56. Ke3 Nc5 57. Nc1 Ne4 58. Nb3 Bb6+ 59. Kf3 Nf2 60. Kg2
Nd1 61. Kf3 Ne3 62. Bd3 Nd5 63. Bc4 Ne7 64. Nc1 Nc6 65. Nb3 Bc7 66. Ke3 Nd8 67.
Nc1 Ne6 68. Ne2 Nc5 69. Nc1 Bd6 70. Kf3 Ne6 71. Ne2 Bf8 72. Ke3 Bg7 73. Kf3 Bh6
74. Bd5 Nc5 75. Nc1 Bf8 76. Bc4 Ne6 77. Bd5 Nxf4 78. Kxf4 Bh6+ 79. Kf3 Bxc1 80.
Bb3 Ke5 81. Bg8 Kd4 82. Be6 Ke5 83. Bg8 Bg5 84. Bf7 Kd4 85. Be6 f4 86. Bf7 Kc3
87. Ke2 b3 88. Bg6 Kb2 89. Kd1 Ka1 0-1

[Event "Battle of the Sexes 2022"]
[Site "Gibraltar ENG"]
[Date "2022.02.02"]
[Round "9.4"]
[White "Muzychuk, Mariya"]
[Black "Bellahcene, Bilel"]
[Result "1/2-1/2"]
[WhiteTitle "GM"]
[BlackTitle "GM"]
[WhiteElo "2539"]
[BlackElo "2508"]
[WhiteTeam "PIA"]
[BlackTeam "SABINO"]
[WhiteFideId "14114550"]
[BlackFideId "696358"]
[EventDate "2022.01.24"]

1. e4 c5 2. Nf3 Nc6 3. Bb5 e6 4. O-O Nge7 5. Re1 b6 6. c3 a6 7. Bxc6 Nxc6 8. d4
d5 9. exd5 Qxd5 10. dxc5 Qxd1 11. Rxd1 Bxc5 12. Nbd2 Bb7 13. Nc4 b5 14. Nd6+
Bxd6 15. Rxd6 Ke7 1/2-1/2

[Event "Battle of the Sexes 2022"]
[Site "Gibraltar ENG"]
[Date "2022.02.02"]
[Round "9.5"]
[White "Houska, Jovanka"]
[Black "Gallagher, Joseph G."]
[Result "1-0"]
[WhiteTitle "IM"]
[BlackTitle "GM"]
[WhiteElo "2365"]
[BlackElo "2447"]
[WhiteTeam "PIA"]
[BlackTeam "SABINO"]
[WhiteFideId "405094"]
[BlackFideId "1303422"]
[EventDate "2022.01.24"]

1. d4 Nf6 2. Nf3 g6 3. g3 Bg7 4. Bg2 O-O 5. O-O d6 6. b3 c5 7. c4 d5 8. Bb2 Nc6
9. dxc5 dxc4 10. Ne5 Qa5 11. Nxc6 bxc6 12. Nd2 cxb3 13. Nxb3 Qc7 14. Nd4 Rb8 15.
Rb1 Bf5 16. Nxf5 gxf5 17. Bc3 e6 18. Qd6 Qxd6 19. cxd6 Ne4 20. Bxe4 fxe4 21. Ba5
Bd4 22. Bc7 Rbc8 23. Rfc1 Be5 24. Rb7 f5 25. Rxa7 Rf7 26. Ra5 Bf6 27. Rxc6 Rd7
28. a4 Kf7 29. Kg2 Be7 30. dxe7 Rdxc7 31. e8=Q+ Kxe8 32. Rxe6+ 1-0

[Event "Battle of the Sexes 2022"]
[Site "Gibraltar ENG"]
[Date "2022.02.02"]
[Round "9.6"]
[White "Stefanova, Antoaneta"]
[Black "Haria, Ravi"]
[Result "1-0"]
[WhiteTitle "GM"]
[BlackTitle "IM"]
[WhiteElo "2469"]
[BlackElo "2490"]
[WhiteTeam "PIA"]
[BlackTeam "SABINO"]
[WhiteFideId "2902257"]
[BlackFideId "415820"]
[EventDate "2022.01.24"]

1. d4 e6 2. c4 Nf6 3. Nf3 d5 4. g3 Be7 5. Bg2 O-O 6. Qd3 c5 7. O-O cxd4 8. Nxd4
Na6 9. cxd5 Nb4 10. Qb3 e5 11. Nb5 Nbxd5 12. Rd1 Qa5 13. Bxd5 Nxd5 14. Qxd5 Be6
15. Qxb7 Rad8 16. Bd2 Bb4 17. N5c3 Rd7 18. Qe4 Rfd8 19. Qc2 h6 20. a3 Be7 21. e4
Bg4 22. Re1 Rc8 23. Kg2 Qa6 24. h3 Be6 25. Be3 f5 26. exf5 Bd5+ 27. Kh2 Ba8 28.
Nd2 1-0